MARC

LEADER 00000nam0a2200000 4500
001 283787
005 20231101235630.0
035 |a (RuTPU)RU\TPU\book\307917 
090 |a 283787 
100 |a 20150210d1984 k y0rusy50 ca 
101 0 |a rus 
102 |a UA 
105 |a a z 001zy 
200 1 |a Контроль и управление качеством сварки  |e сборник научных трудов  |f Академия наук Украинской ССР (АН УССР), Институт электросварки им. Е. О. Патона (ИЭС) ; под ред. В. А. Троицкого 
210 |a Киев  |c Изд-во ИЭС  |d 1984 
215 |a 136 с.  |c ил. 
320 |a Библиогр. в конце ст. 
606 1 |a Сварные соединения и швы  |x Качество  |2 stltpush  |3 (RuTPU)RU\TPU\subj\54006  |9 72168 
610 1 |a сварочное дело 
610 1 |a управление 
610 1 |a неразрушающий контроль 
610 1 |a сварочные работы 
610 1 |a дефектоскопия 
610 1 |a стандартизация 
610 1 |a производственные дефекты 
610 1 |a научные статьи 
675 |a 621.791.05  |v 3 
702 1 |a Троицкий  |b В. А.  |4 340 
712 0 2 |a Академия наук Украинской ССР (АН УССР)  |b Институт электросварки им. Е. О. Патона (ИЭС)  |c (Киев)  |2 stltpush  |3 (RuTPU)RU\TPU\col\13726 
801 1 |a RU  |b 63413507  |c 20150210 
801 2 |a RU  |b 63413507  |c 20170922  |g RCR 
942 |c BK